Statistics for First Countries to recognise Bangladesh's independence

Click here to take the quiz!

General Stats

  • This quiz has been taken 134 times
  • The average score is 17 of 35

Answer Stats

Answer% Correct
India
96%
United Kingdom
91%
Canada
71%
France
70%
Australia
66%
Japan
66%
Burma
62%
Nepal
62%
Soviet Union
60%
Bhutan
60%
Sweden
59%
Finland
59%
Italy
59%
Norway
58%
New Zealand
56%
Denmark
54%
Poland
54%
Netherlands
52%
Belgium
51%
Ireland
51%
Yugoslavia
49%
Czechoslovakia
48%
Iceland
47%
Israel (although Bangladesh doesn't recognise it :P)
45%
Hungary
43%
Bulgaria
41%
Singapore
39%
Luxembourg
36%
West Germany
31%
Cyprus
22%
Fiji
20%
Mauritius
10%
Tonga
10%
Senegal
9%
Barbados
7%

Score Distribution

Percentile by Number Answered

Percent of People with Each Score

Your Score History

You have not taken this quiz